000
00396nam a22001217a 4500
040
_c
HS
082
_a
338
110
_a
ក្រសួងកសិកម្ម
245
_a
Agriculutal statistics 2003 -2004 ស្ថិតិ កសិកម្ម ឆ្នាំ២០០៣-២០០៤
260
_a
Cambodia
_b
ក្រសួងកសិកម្ម
_c
2004
300
_a
81p;
942
_c
EK
999
_c
9609
_d
9609